| 000 | 00471nam a2200157 4500 | ||
|---|---|---|---|
| 001 | 136694 | ||
| 003 | ES-MaACL | ||
| 007 | t| | ||
| 008 | 070214s1952 sp r ||||1| spa d | ||
| 100 | 1 |
_aSala de Pablo, J. _9101661 |
|
| 245 | 1 | 0 |
_aNeurocirugía vesical / _cpor J. Sala de Pablo. |
| 250 | _a1ª ed. | ||
| 260 |
_aSoria : _b[s. n.], _c1952 ( _fTall. Tip. de la Casa de Observación) |
||
| 300 |
_aXXVII, 268 p. : _bil. ; _c24 cm. |
||
| 852 |
_aES-MaACL _jC-5737 _bR.34864 |
||
| 999 |
_c136694 _d136694 |
||